| 000 | 00365 a2200157 4500 | ||
|---|---|---|---|
| 001 | 81569 | ||
| 020 | _a9783540744979 | ||
| 082 | _a340 BIE | ||
| 090 |
_c39793 _d39793 |
||
| 100 | _aGernot Biehler | ||
| 245 | _aProcedures in International Law | ||
| 260 |
_aUSA _bSpringer _c2008 |
||
| 300 | _axxiii351 | ||
| 500 | _aDOS BS Reference Books | ||
| 505 | _aAHQ Books | ||
| 942 |
_acaenust _k340 BIE |
||
| 999 |
_c316642 _d316642 |
||